书目信息 |
| 题名: |
鱼类水霉病的防治研究
|
|
| 作者: | 倪达书 编著 | |
| 分册: | ||
| 出版信息: | 北京 农业出版社 1982 |
|
| 页数: | 70页 | |
| 开本: | 19cm | |
| 丛书名: | ||
| 单 册: | ||
| 中图分类: | S941.43 | |
| 科图分类: | ||
| 主题词: | 真菌性鱼病--访治 | |
| 电子资源: | ||
| ISBN: | ||
| 000 | 00584nam0 2200217 45 | |
| 001 | 0182000096 | |
| 005 | 20060726105613.23 | |
| 010 | @dCNY0.32 | |
| 091 | @aCN@b16144.2431 | |
| 100 | @a19960215d1982 em y0chiy0121 ea | |
| 101 | 0 | @achi |
| 102 | @aCN@b110000 | |
| 105 | @ay z 000yy | |
| 200 | 10 | @a鱼类水霉病的防治研究@Ayu lei shui mei bing de fang zhi yan jiu@f倪达书编著 |
| 210 | @a北京@c农业出版社@d1982 | |
| 215 | @a70页@d19cm | |
| 606 | @a真菌性鱼病@x访治 | |
| 690 | @aS941.43@v3 | |
| 701 | 1 | @a倪达书@Ani da shu@4编著 |
| 801 | 0 | @aCN@bTSSF@c20060726 |
| 905 | @dS941.43@e15 | |
| 鱼类水霉病的防治研究/倪达书编著.-北京:农业出版社,1982 |
| 70页;19cm |
| ISBN :CNY0.32 |
| ● |
| 相关链接 |
|
|
|
|
正题名:鱼类水霉病的防治研究
索取号:S941.43/15
 
预约/预借
| 序号 | 登录号 | 条形码 | 馆藏地/架位号 | 状态 | 备注 |
| 1 | 0438616 | 204386164 | 密集书库/ [索取号:S941.43/15] | 在馆 |